| 000 | 00549nam a2200169 i 4500 | ||
|---|---|---|---|
| 001 | 128534 | ||
| 003 | ES-MaACL | ||
| 005 | 20230906193316.0 | ||
| 007 | t| | ||
| 008 | 070517s1864 sp ||||1| spa d | ||
| 100 | 1 |
_aTamarit, Emilio de. _9109143 |
|
| 245 | 1 | 0 |
_aMemoria histórica de los principales acontecimientos del día 2 de mayo de 1808 en Madrid / _cescrita por Emilio de Tamarit. |
| 250 | _a2ª ed. | ||
| 260 |
_aMadrid : _b[s.n.], _c1864 ( _eImp. de T. Fortanet) |
||
| 300 |
_a55 p. : _bil. ; _c21 cm. |
||
| 852 |
_aES-MaACL _jFol-Laf-299 |
||
| 999 |
_c128534 _d128534 |
||